书目信息 |
| 题名: |
一野十大主力传奇
|
|
| 作者: | 李豫 , 文铭 编著 | |
| 分册: | ||
| 出版信息: | 济南 黄河出版社 2000.04 |
|
| 页数: | 405页 | |
| 开本: | 32开 | |
| 丛书名: | ||
| 单 册: | ||
| 中图分类: | E297.4 | |
| 科图分类: | ||
| 主题词: | 军事史--中国 , 战争史--中国 | |
| 电子资源: | ||
| ISBN: | 7-80152-187-0 | |
| 000 | 00615nam0 2200217 45 | |
| 001 | 0010021026 | |
| 005 | 20010529090953.3 | |
| 010 | @a7-80152-187-0@d20.00元 | |
| 100 | @a20001002d2000 km y0chiy0120 ea | |
| 101 | 0 | @achi |
| 105 | @a z 000yy | |
| 200 | 1 | @a一野十大主力传奇@AYi Ye Shi Da Zhu Li Chuan Qi@f李豫,文铭编著@FLi Yu,Wen Ming Bian Zhu |
| 210 | @a济南@c黄河出版社@d2000.04 | |
| 215 | @a405页@d32开 | |
| 606 | 0 | @a军事史@x中国 |
| 606 | 0 | @a战争史@x中国 |
| 690 | @aE297.4@v3 | |
| 701 | 0 | @a李豫@4编著 |
| 701 | 0 | @a文铭@4编著 |
| 801 | @aCN@bPftUser@c20001002 | |
| 905 | @dE297.4@eL.799@b344466-475@f10 | |
| 一野十大主力传奇/李豫,文铭编著.-济南:黄河出版社,2000.04 |
| 405页;32开 |
| ISBN 7-80152-187-0:20.00元 |
| ● |
| 相关链接 |
|
|
|
正题名:一野十大主力传奇
索取号:E297.4/L.799
 
预约/预借
| 序号 | 登录号 | 条形码 | 馆藏地/架位号 | 状态 | 备注 |
| 1 | 344466 | 203444665 | 社科库509/509社科库 119排2列4层/ [索取号:E297.4/L.799] | 在馆 | |
| 2 | 344467 | 203444674 | 社科库509/509社科库 119排2列4层/ [索取号:E297.4/L.799] | 在馆 | |
| 3 | 344469 | 203444692 | 社科库509/509社科库 119排2列4层/ [索取号:E297.4/L.799] | 在馆 | |
| 4 | 344470 | 203444709 | 社科库509/ [索取号:E297.4/L.799] | 在馆 | |
| 5 | 344471 | 203444718 | 社科库509/509社科库 119排2列4层/ [索取号:E297.4/L.799] | 在馆 | |
| 6 | 344472 | 203444727 | 社科库509/509社科库 119排2列4层/ [索取号:E297.4/L.799] | 在馆 | |
| 7 | 344473 | 203444736 | 社科库509/422社科库 17排2列6层/ [索取号:E297.4/L.799] | 在馆 | |
| 8 | 344474 | 203444745 | 社科库509/509社科库 119排2列4层/ [索取号:E297.4/L.799] | 在馆 | |
| 9 | 344475 | 203444754 | 社科库509/509社科库 119排2列4层/ [索取号:E297.4/L.799] | 在馆 |